000 00689nam a2200265Ia 4500
005 20260121173646.0
008 008 260114s9999 xx 000 0 eng d
020 _a9789401794428
037 _aEBOOK
040 _aCRL
040 _beng
040 _cCRL
041 _2eng
041 _aeng
084 _qCRL
100 _aHans Pedersen Megan Altman
_91103606
245 0 _aHorizons of Authenticity in Phenomenology Existentialism and Moral Psychology
260 _bSpringer
260 _bSpringer
260 _c2015
856 _uhttps://link.springer.com/openurl?genre=book&isbn=978-94-017-9442-8
942 _cEBOOK
999 _c1669354
_d1669354